Ďalšia možnosť územnej ochrany tisu obyčajného v okrese Spišská Nová Ves

Bibliographic Details
Main Authors: Buday, Marián, 1946- (Author), Nižňanská, Marta, 1954- (Author), Vlčáková, Hanka (Author), Vlčáková, Marta (Author)
Format: Article
Language:Slovak
PhysicalDescription:Obr. 3.
Subjects:

MARC

LEADER 00000nab a2200000 a 4500
001 vtls000332508
003 SK-MaSNL
005 20260302224724.0
008 140328c1987 xo 0 slo
015 |a SNBRA19rr/mm-uuuuu 
035 |a CL0332630 
040 |a SNKBUCL  |b slo  |c SNKBUCL  |e AACR2 
041 0 |a slo 
044 |a xo  |c SK 
080 |a 582.471:502.75  |2 1981 
080 |a 502.75  |2 1981 
100 1 |a Buday, Marián,  |d 1946-  |4 aut  |9 135270 
245 1 0 |a Ďalšia možnosť územnej ochrany tisu obyčajného v okrese Spišská Nová Ves  |c Marián Buday, Marta Nižnanská, Hanka Vlčáková ; Marta Vlčáková 
300 |b Obr. 3. 
650 0 7 |a tis obyčajný  |2 snkbucl  |9 16351 
655 7 |a články zo zborníkov  |2 snkbucl  |9 166140 
700 1 |a Nižňanská, Marta,  |d 1954-  |4 aut  |9 38048 
700 1 |a Vlčáková, Hanka  |4 aut  |9 956238 
700 1 |a Vlčáková, Marta  |4 aut  |9 956239 
773 0 |t Chránené územia Slovenska 9  |d Bratislava : Obzor, 1987  |g S. 62-64 
850 |a Slovenská národná knižnica v Martine  |a MTA001 
852 |a SNK  |b KIS3GCP 
957 |a 5409 
958 |a RK 
992 |a RZB 
999 |c 1525713  |d 1527643